000 00929nam a2200205Ia 4500
003 IN-BaIIA
008 211028s9999 xx 000 0 eng d
040 _cIIA Library
080 _a523.62-726(082.2)
_bSOL
111 _aConference on Solar Wind Five, Sponsored By NASA Headquarters and the Jet Propulsion Laboratory
_cWoodstock, Vermont
_d1982 Nov.1-5
_914240
245 0 _aSolar wind five
_bproceedings of a Conference on Solar wind five, Sponsored by NASA headquarters and the jet propulsion laboratory, held in Woodstock, Vermont, November 1-5, 1982
_cedited by Neugebauer, Marcia
260 _aWashington
_bNational Aeronautics and Space Administration
_c1983
300 _axii, 742p.
650 _aAstronomy and Astrophysics Thesaurus
650 _aSolar activity
_91424
650 _aSolar corona
650 _aSolar wind
_95747
700 _aCalhoun, David., ed.
_913505
942 _cBK
999 _c8501
_d8501